[Event "16. Obert Int. Sant Martí 2014 Grupo B"]
[Site "Barcelona ESP"]
[Date "2014.07.16"]
[Round "4.55"]
[White "Sanchez Viana, Jordi"]
[Black "Bes Alvarez, Alex"]
[Result "1-0"]
[WhiteElo "1862"]
[BlackElo "1734"]
[PlyCount "135"]
[EventDate "2014.07.13"]
[EventType "swiss"]
[EventRounds "9"]
[EventCountry "ESP"]
[Source "lmi"]
[SourceDate "2014.07.13"]

1. e4 c5 2. Nf3 d6 3. d4 cxd4 4. Nxd4 Nf6 5. Nc3 g6 6. Be2 Bg7 7. O-O O-O 8.
Be3 Re8 9. f4 e5 10. fxe5 dxe5 11. Ndb5 Na6 12. Nd6 Re6 13. Nxc8 Qxd1 14. Raxd1
Rxc8 15. Bxa7 Nb4 16. Bd3 Nxd3 17. Rxd3 Ne8 18. Rd7 Nd6 19. Rd1 Ne8 20. Rxb7
Rc7 21. Rxc7 Nxc7 22. Rd8+ Ne8 23. a3 h6 24. Nd5 Kh7 25. Rd7 Nd6 26. b4 Nxe4
27. Rxf7 Kg8 28. Rb7 Ra6 29. Ne7+ Kh7 30. Nd5 Rxa3 31. Kf1 Ra2 32. Rc7 g5 33.
Ke2 Kg6 34. Ne7+ Kh5 35. Ke3 Nd6 36. h3 Nb5 37. g4+ Kh4 38. Nf5+ Kxh3 39. Rxg7
Nxa7 40. Nxh6 Rxc2 41. Rxa7 Rc4 42. Rb7 Kg2 43. b5 Kf1 44. Kd3 Rc1 45. Rf7+ Ke1
46. b6 Rc8 47. Rc7 Rh8 48. Nf5 Rb8 49. b7 Kf2 50. Ke4 Kg2 51. Ne3+ Kg3 52. Kxe5
Kf3 53. Kd4 Kf2 54. Ke4 Kg3 55. Kf5 Kh4 56. Nd5 Rf8+ 57. Nf6 Rb8 58. Nd7 Rxb7
59. Rxb7 Kg3 60. Kxg5 Kf3 61. Kf5 Kg3 62. g5 Kh4 63. Kf6 Kh5 64. g6 Kh6 65. Kf7
Kg5 66. g7 Kh6 67. Rb6+ Kh5 68. g8=Q 1-0

[Event "16. Obert Int. Sant Martí 2014 Grupo B"]
[Site "Barcelona ESP"]
[Date "2014.07.16"]
[Round "4.56"]
[White "Romeo Ros, Joaquim"]
[Black "Marabajan Navas, Saul"]
[Result "1-0"]
[WhiteElo "1858"]
[BlackElo "1723"]
[PlyCount "71"]
[EventDate "2014.07.13"]
[EventType "swiss"]
[EventRounds "9"]
[EventCountry "ESP"]
[Source "lmi"]
[SourceDate "2014.07.13"]

1. d4 d5 2. c4 c6 3. Nf3 Nf6 4. Nc3 e6 5. e3 Bd6 6. Bd3 O-O 7. c5 Be7 8. Qc2
Bd7 9. e4 b6 10. e5 Ng4 11. h3 Nh6 12. Bxh7+ Kh8 13. cxb6 axb6 14. Bd3 Nf5 15.
g4 Nxd4 16. Nxd4 c5 17. Nf3 Nc6 18. Qe2 c4 19. Bb1 d4 20. Nxd4 Nxd4 21. Qe4 g6
22. Qxd4 Bc5 23. Qf4 g5 24. Qxg5 Qxg5 25. Bxg5 Rg8 26. Bf6+ Rg7 27. Be4 Rc8 28.
Rd1 Bc6 29. Bxc6 Rxc6 30. Ne4 Bb4+ 31. Ke2 Kg8 32. Rd8+ Bf8 33. Bxg7 Kxg7 34.
h4 b5 35. h5 Kh6 36. Rxf8 1-0

[Event "16. Obert Int. Sant Martí 2014 Grupo B"]
[Site "Barcelona ESP"]
[Date "2014.07.16"]
[Round "4.57"]
[White "Pascual Gonzalez-Novelles, David"]
[Black "Izquierdo Pujol, Pol"]
[Result "1-0"]
[WhiteElo "1855"]
[BlackElo "1721"]
[PlyCount "61"]
[EventDate "2014.07.13"]
[EventType "swiss"]
[EventRounds "9"]
[EventCountry "ESP"]
[Source "lmi"]
[SourceDate "2014.07.13"]

1. e4 c5 2. c4 Nc6 3. Nf3 a6 4. a3 e6 5. Be2 g6 6. Nc3 Bg7 7. d3 Nge7 8. O-O
O-O 9. Ne1 d5 10. cxd5 exd5 11. Rb1 Be6 12. f4 d4 13. Na4 b6 14. b4 cxb4 15.
axb4 Na7 16. Bg4 f5 17. Bf3 Rb8 18. e5 Nd5 19. Bxd5 Bxd5 20. Nf3 Nc6 21. Ba3 h6
22. b5 Ne7 23. Bd6 Bxf3 24. Rxf3 Ra8 25. bxa6 Rxa6 26. Qb3+ Rf7 27. Qc4 b5 28.
Rxb5 Nc8 29. Rb8 Rxa4 30. Qxa4 Kh7 31. Qa8 1-0

[Event "16. Obert Int. Sant Martí 2014 Grupo B"]
[Site "Barcelona ESP"]
[Date "2014.07.16"]
[Round "4.58"]
[White "Serentill Tost, Eduard"]
[Black "Gomez Albamonte, Sonia"]
[Result "0-1"]
[WhiteElo "1854"]
[BlackElo "1700"]
[PlyCount "74"]
[EventDate "2014.07.13"]
[EventType "swiss"]
[EventRounds "9"]
[EventCountry "ESP"]
[Source "lmi"]
[SourceDate "2014.07.13"]

1. e4 c5 2. Nf3 Nc6 3. d4 cxd4 4. Nxd4 Nf6 5. Nc3 e6 6. a3 Bc5 7. Be3 Nxd4 8.
Bxd4 Bb6 9. e5 Ng8 10. Bc4 a6 11. Qd2 Ne7 12. O-O-O O-O 13. f4 Qc7 14. Be2 Rd8
15. g4 Bxd4 16. Qxd4 Nc6 17. Qf2 b5 18. Ne4 Bb7 19. Nd6 Na5 20. Nxb7 Nxb7 21.
Bf3 Rac8 22. Rd3 d5 23. exd6 Nxd6 24. Rhd1 Nc4 25. Rxd8+ Rxd8 26. Rxd8+ Qxd8
27. Qe2 Qf6 28. Qe4 Qxb2+ 29. Kd1 g6 30. Qa8+ Kg7 31. Qd8 Qb1+ 32. Ke2 Qxc2+
33. Ke1 Qc3+ 34. Kf2 Qe3+ 35. Kg3 Nd2 36. Qa8 Qg1+ 37. Bg2 Nf1+ 0-1

[Event "16. Obert Int. Sant Martí 2014 Grupo B"]
[Site "Barcelona ESP"]
[Date "2014.07.16"]
[Round "4.59"]
[White "Olleta Tanya, Jordi"]
[Black "Ferre Navarro, Joan"]
[Result "0-1"]
[WhiteElo "1749"]
[BlackElo "1846"]
[PlyCount "82"]
[EventDate "2014.07.13"]
[EventType "swiss"]
[EventRounds "9"]
[EventCountry "ESP"]
[Source "lmi"]
[SourceDate "2014.07.13"]

1. c4 e5 2. Nc3 Bc5 3. e3 Nc6 4. a3 a6 5. Ne4 Ba7 6. c5 Nf6 7. Nxf6+ Qxf6 8. b4
e4 9. Rb1 O-O 10. Bb2 Qg6 11. d4 d5 12. g3 Ne7 13. Bg2 c6 14. Nh3 Bg4 15. Qc2
Bb8 16. Kd2 Qf5 17. Nf4 Ng6 18. Kc3 a5 19. h3 axb4+ 20. axb4 Bh5 21. g4 Bxg4
22. hxg4 Qxg4 23. Bh3 Qg5 24. Rbg1 Qf6 25. Nh5 Qe7 26. Qe2 Bc7 27. Ra1 b6 28.
Ra6 bxc5 29. bxc5 Ba5+ 30. Kc2 Qb7 31. Rxa8 Rxa8 32. Ra1 Qb4 33. Bd7 Rb8 34.
Kc1 Ne7 35. Rb1 Rb7 36. Bh3 Ng6 37. Kd1 Nh4 38. Bc8 Rb8 39. Bd7 Nf3 40. Bxc6
Ng1 41. Bc3 Qxb1+ 0-1

[Event "16. Obert Int. Sant Martí 2014 Grupo B"]
[Site "Barcelona ESP"]
[Date "2014.07.16"]
[Round "4.60"]
[White "Rius Riu, Gerard"]
[Black "Tasmin, Sultana"]
[Result "1/2-1/2"]
[WhiteElo "1846"]
[BlackElo "1320"]
[PlyCount "67"]
[EventDate "2014.07.13"]
[EventType "swiss"]
[EventRounds "9"]
[EventCountry "ESP"]
[Source "lmi"]
[SourceDate "2014.07.13"]

1. d4 d6 2. Nf3 Nf6 3. Nc3 g6 4. e4 Bg7 5. Be3 O-O 6. Bc4 Nbd7 7. O-O e5 8. Qd2
a6 9. Rad1 b5 10. Bb3 Bb7 11. d5 Ng4 12. a3 Nxe3 13. Qxe3 Nc5 14. Ne2 a5 15.
Nd2 a4 16. Ba2 Ba6 17. Nc1 Qh4 18. Nd3 Bh6 19. Qe2 Bxd2 20. Nxc5 dxc5 21. Rxd2
Qg5 22. Rfd1 c4 23. Qf3 Rad8 24. Qg3 Qe7 25. Qe3 b4 26. Rb1 b3 27. cxb3 axb3
28. Bxb3 cxb3 29. Qxb3 Bc8 30. Rc2 f5 31. d6+ Qf7 32. Qxf7+ Rxf7 33. Rxc7 Rxc7
34. dxc7 1/2-1/2

[Event "16. Obert Int. Sant Martí 2014 Grupo B"]
[Site "Barcelona ESP"]
[Date "2014.07.16"]
[Round "4.61"]
[White "Bienvenido Kleque, Jose"]
[Black "Gonzalez Alonso, Marti"]
[Result "1/2-1/2"]
[WhiteElo "1737"]
[BlackElo "1844"]
[PlyCount "91"]
[EventDate "2014.07.13"]
[EventType "swiss"]
[EventRounds "9"]
[EventCountry "ESP"]
[Source "lmi"]
[SourceDate "2014.07.13"]

1. c4 g6 2. Nc3 Bg7 3. g3 Nf6 4. Bg2 O-O 5. Nf3 e6 6. O-O d5 7. cxd5 exd5 8. d4
Nc6 9. Re1 Bf5 10. a3 Ne4 11. e3 Qd7 12. Qb3 Nxc3 13. bxc3 Rab8 14. Qd1 Rfe8
15. Nh4 Bh3 16. Bb2 Bxg2 17. Kxg2 Na5 18. Nf3 Nc4 19. Qc2 c6 20. Nd2 Nxd2 21.
Qxd2 b6 22. Rac1 c5 23. Rc2 Qd6 24. Rec1 c4 25. Re1 b5 26. Qe2 a5 27. Rec1 Qe6
28. Qf3 f5 29. Kg1 b4 30. Qe2 Rb7 31. axb4 axb4 32. cxb4 Rxb4 33. Bc3 Rb3 34.
Qd2 Reb8 35. Rb2 Bf8 36. Rcb1 Ba3 37. Rxb3 Rxb3 38. Rxb3 cxb3 39. Bb2 Qa6 40.
Bxa3 Qxa3 41. Qc3 Kg7 42. Qc7+ Kh6 43. Qf4+ g5 44. Qxf5 b2 45. Qf6+ Kh5 46.
Qf7+ 1/2-1/2

[Event "16. Obert Int. Sant Martí 2014 Grupo B"]
[Site "Barcelona ESP"]
[Date "2014.07.16"]
[Round "4.62"]
[White "Cassi De La Viuda, Àlex"]
[Black "Sanchez Coves, Joan Josep"]
[Result "0-1"]
[WhiteElo "1700"]
[BlackElo "1842"]
[PlyCount "50"]
[EventDate "2014.07.13"]
[EventType "swiss"]
[EventRounds "9"]
[EventCountry "ESP"]
[Source "lmi"]
[SourceDate "2014.07.13"]

1. d4 Nf6 2. c4 e5 3. d5 Bc5 4. Bg5 Bxf2+ 5. Kxf2 Ne4+ 6. Ke1 Qxg5 7. Nd2 Qh4+
8. g3 Nxg3 9. Qc2 Nxh1+ 10. Kd1 Nf2+ 11. Kc1 Qf4 12. Ngf3 d6 13. e3 Qxe3 14. b3
e4 15. Ng1 Nd3+ 16. Bxd3 Qxg1+ 17. Kb2 Qd4+ 18. Kb1 Qxd3 19. Qxd3 exd3 20. Kb2
O-O 21. Kc3 Bf5 22. Rf1 Bg6 23. Nf3 Nd7 24. Ne1 Rae8 25. Nxd3 Re3 0-1

[Event "16. Obert Int. Sant Martí 2014 Grupo B"]
[Site "Barcelona ESP"]
[Date "2014.07.16"]
[Round "4.63"]
[White "Recacha Limeres, Sergi"]
[Black "Zia, Tahsin Tajwar"]
[Result "0-1"]
[WhiteElo "1839"]
[BlackElo "1258"]
[PlyCount "112"]
[EventDate "2014.07.13"]
[EventType "swiss"]
[EventRounds "9"]
[EventCountry "ESP"]
[Source "lmi"]
[SourceDate "2014.07.13"]

1. e4 e6 2. d4 d5 3. e5 c5 4. c3 Ne7 5. Nf3 Nec6 6. Be2 Nd7 7. O-O Be7 8. Ne1
c4 9. f4 b5 10. Be3 a5 11. Nd2 Bb7 12. g4 g6 13. f5 gxf5 14. gxf5 Rg8+ 15. Ng2
exf5 16. Rxf5 Ncxe5 17. Nf3 Nxf3+ 18. Bxf3 Nf6 19. Qc2 Bc8 20. Re1 Bxf5 21.
Qxf5 Qd7 22. Qf4 Kd8 23. Bf2 Qd6 24. Re5 b4 25. Bg3 Qd7 26. Bxd5 Nxd5 27. Qxf7
Rf8 28. Qxd5 Qxd5 29. Rxd5+ Ke8 30. Ne3 bxc3 31. bxc3 Rf3 32. Nxc4 Rxc3 33.
Nxa5 Rd8 34. Rxd8+ Kxd8 35. d5 Rd3 36. Nc6+ Ke8 37. Nxe7 Kxe7 38. d6+ Kd7 39.
a4 Ra3 40. Kf2 Rxa4 41. Kf3 Rb4 42. Bf4 h5 43. h4 Rd4 44. Ke3 Rb4 45. Kf3 Ke6
46. Kg3 Kf5 47. d7 Rd4 48. Kf3 Rxd7 49. Bg5 Rd3+ 50. Kg2 Kg4 51. Kf2 Rf3+ 52.
Kg2 Rf7 53. Kh2 Rf2+ 54. Kg1 Kg3 55. Be3 Re2 56. Bf2+ Rxf2 0-1

[Event "16. Obert Int. Sant Martí 2014 Grupo B"]
[Site "Barcelona ESP"]
[Date "2014.07.16"]
[Round "4.65"]
[White "Cassi Gimeno, Jordi"]
[Black "Solís Calancha, Jordi"]
[Result "0-1"]
[WhiteElo "1700"]
[BlackElo "1810"]
[PlyCount "114"]
[EventDate "2014.07.13"]
[EventType "swiss"]
[EventRounds "9"]
[EventCountry "ESP"]
[Source "lmi"]
[SourceDate "2014.07.13"]

1. d4 Nf6 2. c4 e5 3. d5 d6 4. Nc3 Bf5 5. f3 e4 6. Bg5 Be7 7. Bxf6 Bxf6 8. Qc2
Bxc3+ 9. Qxc3 O-O 10. O-O-O Nd7 11. f4 Nf6 12. e3 Rc8 13. h3 c6 14. dxc6 Rxc6
15. b3 Qb6 16. Qd4 Qa5 17. Rd2 b5 18. Kb1 bxc4 19. Bxc4 Be6 20. Bxe6 fxe6 21.
Ne2 e5 22. fxe5 dxe5 23. Qb2 Nd5 24. Rc2 Rxc2 25. Qxc2 Nb4 26. Qc4+ Kh8 27. a4
Nd3 28. Nc3 h6 29. Nxe4 Nb4 30. Qc5 Qxc5 31. Nxc5 Rf2 32. g4 Re2 33. e4 Re3 34.
Kb2 Kg8 35. Ka3 a5 36. Rh2 Kf7 37. h4 Rg3 38. g5 hxg5 39. Rf2+ Ke7 40. hxg5
Rxg5 41. Rd2 Kf7 42. Nd3 Nc6 43. Rc2 Rg3 44. Rxc6 Rxd3 45. Rc5 Ke6 46. Rxa5 Rd4
47. Ra6+ Ke7 48. Ra7+ Kf6 49. Ra6+ Ke7 50. Rc6 g5 51. a5 Kd7 52. Rc1 Rd6 53. b4
g4 54. Rg1 Rd3+ 55. Ka4 g3 56. a6 Kc6 57. Ka5 Ra3# 0-1

[Event "16. Obert Int. Sant Martí 2014 Grupo B"]
[Site "Barcelona ESP"]
[Date "2014.07.16"]
[Round "4.66"]
[White "Garcia Hernandez, Jose Luis"]
[Black "Bernat Pascual, Magí"]
[Result "0-1"]
[WhiteElo "1700"]
[BlackElo "1869"]
[PlyCount "70"]
[EventDate "2014.07.13"]
[EventType "swiss"]
[EventRounds "9"]
[EventCountry "ESP"]
[Source "lmi"]
[SourceDate "2014.07.13"]

1. e4 c6 2. d4 d5 3. Nc3 dxe4 4. Nxe4 Bf5 5. Ng3 Bg6 6. Be3 e6 7. Nf3 Nd7 8.
Bg5 Ngf6 9. Nh4 Qc7 10. Nxg6 hxg6 11. Bd3 Be7 12. Qe2 O-O-O 13. h3 Nb6 14. c3
Nbd5 15. Qf3 Qb6 16. Rb1 Rd7 17. O-O Rhd8 18. Bd2 c5 19. Rfc1 Kb8 20. Ne2 Nc7
21. b4 cxd4 22. c4 Qc6 23. Qxc6 bxc6 24. a4 Na6 25. b5 cxb5 26. Rxb5+ Kc7 27.
Ba5+ Kc6 28. Bxd8 Rxd8 29. Rd1 Nb4 30. f3 a6 31. Ra5 Kb6 32. Rg5 Ne4 33. a5+
Kc7 34. Rg4 Nc3 35. Nxc3 dxc3 0-1

[Event "16. Obert Int. Sant Martí 2014 Grupo B"]
[Site "Barcelona ESP"]
[Date "2014.07.16"]
[Round "4.67"]
[White "Orts Gonzalez, Rafael"]
[Black "Ramon Herraez, Alex"]
[Result "0-1"]
[WhiteElo "1700"]
[BlackElo "1832"]
[PlyCount "74"]
[EventDate "2014.07.13"]
[EventType "swiss"]
[EventRounds "9"]
[EventCountry "ESP"]
[Source "lmi"]
[SourceDate "2014.07.13"]

1. b3 d5 2. Bb2 Bf5 3. a3 e6 4. d4 Nf6 5. f3 Be7 6. g4 Bg6 7. e3 O-O 8. h4 h6
9. Bd3 Bxd3 10. Qxd3 Qd6 11. Rh3 Qa6 12. c4 dxc4 13. bxc4 c5 14. g5 Nh5 15. g6
f6 16. d5 Qd6 17. Ne2 b5 18. Nd2 bxc4 19. Nxc4 Qxd5 20. Qb3 Rd8 21. e4 Qc6 22.
e5 f5 23. Ne3 Qb6 24. Qc2 Nc6 25. Nc4 Qc7 26. Kf2 Nd4 27. Qa4 Nxe2 28. Kxe2
Nf4+ 29. Kf1 Nxh3 30. Bc1 Bxh4 31. Ne3 Qxe5 32. Qc6 Rd1+ 33. Ke2 Re1+ 34. Kd3
Rd8+ 35. Kc2 Qxa1 36. Qxe6+ Kh8 37. Qc4 Qxc1+ 0-1

[Event "16. Obert Int. Sant Martí 2014 Grupo B"]
[Site "Barcelona ESP"]
[Date "2014.07.16"]
[Round "4.68"]
[White "Corominas Garrido, Jordi"]
[Black "Perez Ramirez, Placido"]
[Result "1-0"]
[WhiteElo "2077"]
[BlackElo "1800"]
[PlyCount "67"]
[EventDate "2014.07.13"]
[EventType "swiss"]
[EventRounds "9"]
[EventCountry "ESP"]
[Source "lmi"]
[SourceDate "2014.07.13"]

1. c4 e5 2. Nc3 Nf6 3. g3 Bc5 4. Bg2 O-O 5. d3 h6 6. Nf3 Re8 7. O-O c6 8. Rb1
Bb6 9. b4 d5 10. cxd5 cxd5 11. Bb2 Bc7 12. Nb5 Nc6 13. Nxc7 Qxc7 14. Rc1 Qd8
15. b5 Ne7 16. Bxe5 Ng6 17. Bd4 Re6 18. Re1 Bd7 19. Qb3 Qe8 20. Bxf6 Rxf6 21.
Nd4 Rb6 22. a4 Ne7 23. Rc7 a6 24. a5 Rd6 25. Rxb7 axb5 26. Nxb5 Rda6 27. Nc7
Ba4 28. Qb2 Qc8 29. Nxa6 Bc6 30. Rb8 Rxb8 31. Qxb8 Bb7 32. Qxc8+ Nxc8 33. Nc5
Bc6 34. Rb1 1-0

[Event "16. Obert Int. Sant Martí 2014 Grupo B"]
[Site "Barcelona ESP"]
[Date "2014.07.16"]
[Round "4.69"]
[White "Julian Solera, Laura"]
[Black "Martimpé Burgués, Xavier"]
[Result "1-0"]
[WhiteElo "1781"]
[BlackElo "1700"]
[PlyCount "107"]
[EventDate "2014.07.13"]
[EventType "swiss"]
[EventRounds "9"]
[EventCountry "ESP"]
[Source "lmi"]
[SourceDate "2014.07.13"]

1. d4 d5 2. e3 Nc6 3. Bd3 e5 4. dxe5 Nxe5 5. Nf3 Bd6 6. Nc3 Nf6 7. O-O Bg4 8.
Be2 c6 9. Nxe5 Bxe2 10. Nxe2 Bxe5 11. Ng3 O-O 12. Qf3 Qb6 13. Rb1 c5 14. b3 c4
15. Bb2 Bxb2 16. Rxb2 c3 17. Rbb1 Rab8 18. Rbd1 Rfd8 19. Nf5 Rd7 20. Nd4 Ne4
21. Qf5 Qd6 22. Nb5 g6 23. Qxe4 Qc5 24. Qa4 a6 25. Nxc3 Rbd8 26. Qd4 Qd6 27. e4
dxe4 28. Qxd6 Rxd6 29. Rxd6 Rxd6 30. Nxe4 Re6 31. f3 f5 32. Nc5 Re7 33. Kf2 Rc7
34. b4 b6 35. Nxa6 Rxc2+ 36. Kg3 Rxa2 37. Nb8 Rb2 38. Nc6 b5 39. Rd1 Kg7 40.
Rd5 Rc2 41. Na5 Rc3 42. Rxb5 g5 43. Rxf5 Kg6 44. Rc5 Rd3 45. b5 h5 46. h4 gxh4+
47. Kxh4 Rd4+ 48. Kh3 h4 49. Nc6 Kf6 50. b6 Rd7 51. Rb5 Rb7 52. Na5 Rb8 53. b7
Ke6 54. Nc6 1-0

[Event "16. Obert Int. Sant Martí 2014 Grupo B"]
[Site "Barcelona ESP"]
[Date "2014.07.16"]
[Round "4.70"]
[White "Guinjoan Fradera, Joan"]
[Black "Herrera Vargas, Carlo Esteban"]
[Result "1/2-1/2"]
[WhiteElo "1770"]
[BlackElo "1748"]
[PlyCount "57"]
[EventDate "2014.07.13"]
[EventType "swiss"]
[EventRounds "9"]
[EventCountry "ESP"]
[Source "lmi"]
[SourceDate "2014.07.13"]

1. e4 e5 2. Nf3 Nc6 3. c4 Bc5 4. Be2 Nf6 5. d3 a6 6. h3 h6 7. O-O d6 8. Be3 Ba7
9. Bxa7 Rxa7 10. Nc3 O-O 11. a3 Bd7 12. b4 b6 13. Qd2 a5 14. b5 Nb8 15. Nd5
Nxd5 16. exd5 f5 17. Nh2 f4 18. Bg4 Bxg4 19. Nxg4 Nd7 20. f3 Nc5 21. Qc3 h5 22.
Nf2 h4 23. Ng4 Ra8 24. a4 Qd7 25. d4 exd4 26. Qxd4 Nb3 27. Qe4 Nxa1 28. Qg6 Kh8
29. Qh5+ 1/2-1/2

[Event "16. Obert Int. Sant Martí 2014 Grupo B"]
[Site "Barcelona ESP"]
[Date "2014.07.16"]
[Round "4.71"]
[White "Doménech López, Laura"]
[Black "Palomero Galvez, Antoni"]
[Result "0-1"]
[WhiteElo "1721"]
[BlackElo "1750"]
[PlyCount "68"]
[EventDate "2014.07.13"]
[EventType "swiss"]
[EventRounds "9"]
[EventCountry "ESP"]
[Source "lmi"]
[SourceDate "2014.07.13"]

1. d4 d5 2. e3 Nf6 3. c4 e6 4. Nc3 Be7 5. Bd3 dxc4 6. Bxc4 b6 7. Nf3 Bb7 8. Ne5
Nbd7 9. O-O Nxe5 10. dxe5 Nd7 11. b3 Nxe5 12. Be2 Bf6 13. Bb2 O-O 14. Rb1 Qe7
15. Nb5 Rfd8 16. Qc2 c5 17. f4 Nd7 18. e4 Bxb2 19. Rxb2 a6 20. Nc3 Nf8 21. Na4
Rd4 22. e5 Rad8 23. Nxb6 Rd2 24. Qc3 Rxb2 25. Qxb2 Qc7 26. Nc4 Ng6 27. Nd6 Bd5
28. Bxa6 Nh4 29. Be2 Nxg2 30. Nb5 Qb6 31. Bf3 Nxf4 32. a4 Bxf3 33. Rxf3 c4+ 34.
Kf1 Rd1# 0-1

[Event "16. Obert Int. Sant Martí 2014 Grupo B"]
[Site "Barcelona ESP"]
[Date "2014.07.16"]
[Round "4.72"]
[White "Avila Lopez, Joan"]
[Black "Navarro Pastor, Raul"]
[Result "0-1"]
[WhiteElo "1704"]
[BlackElo "1868"]
[PlyCount "54"]
[EventDate "2014.07.13"]
[EventType "swiss"]
[EventRounds "9"]
[EventCountry "ESP"]
[Source "lmi"]
[SourceDate "2014.07.13"]

1. d4 Nf6 2. Bf4 g6 3. e3 Bg7 4. Nf3 O-O 5. Bd3 d6 6. h3 Nc6 7. e4 Re8 8. e5
Nd5 9. Qd2 Nxd4 10. Bh6 Nxf3+ 11. gxf3 Bxe5 12. Bc4 Be6 13. Bxd5 Bxd5 14. Qxd5
Bxb2 15. c3 Qd7 16. Qd4 Qe6+ 17. Be3 Qe5 18. O-O Qxd4 19. Bxd4 Bxa1 20. Nd2 e5
21. Bxe5 Rxe5 22. Rxa1 Rae8 23. Kf1 Rh5 24. Kg2 Kg7 25. a4 Rd5 26. Ra2 Re2 27.
Nb1 Rxa2 0-1

[Event "16. Obert Int. Sant Martí 2014 Grupo B"]
[Site "Barcelona ESP"]
[Date "2014.07.16"]
[Round "4.74"]
[White "Marquez Ramos, Ingrid"]
[Black "Garcia Extremera, Manuel"]
[Result "0-1"]
[WhiteElo "1700"]
[BlackElo "1759"]
[PlyCount "48"]
[EventDate "2014.07.13"]
[EventType "swiss"]
[EventRounds "9"]
[EventCountry "ESP"]
[Source "lmi"]
[SourceDate "2014.07.13"]

1. d4 d5 2. Nc3 Nf6 3. e3 Bf5 4. Nf3 Nc6 5. Bb5 Bd7 6. O-O a6 7. Ba4 e6 8. Bd2
Bd6 9. Re1 O-O 10. e4 dxe4 11. Nxe4 Nxe4 12. Rxe4 b5 13. Bb3 Ne7 14. h3 f5 15.
Rh4 Ng6 16. Rh5 Nf4 17. g4 Nxh5 18. gxh5 h6 19. d5 e5 20. Qe2 e4 21. Nd4 Qh4
22. Be3 Qxh3 23. Qf3 exf3 24. c3 Qg2# 0-1

[Event "16. Obert Int. Sant Martí 2014 Grupo B"]
[Site "Barcelona ESP"]
[Date "2014.07.16"]
[Round "4.75"]
[White "Trabado Nieto, David"]
[Black "Castilla Casanova, Víctor"]
[Result "0-1"]
[WhiteElo "1700"]
[BlackElo "1754"]
[PlyCount "102"]
[EventDate "2014.07.13"]
[EventType "swiss"]
[EventRounds "9"]
[EventCountry "ESP"]
[Source "lmi"]
[SourceDate "2014.07.13"]

1. d4 d5 2. c4 dxc4 3. e4 e5 4. d5 c6 5. Bxc4 Nf6 6. Bg5 Be7 7. Nf3 Bg4 8. Qb3
b6 9. Nxe5 Nxe4 10. Bxe7 Qxe7 11. Nxc6 Nxc6 12. dxc6 Nc5+ 13. Qe3 Qxe3+ 14.
fxe3 O-O 15. O-O Rac8 16. Bd5 Be2 17. Rf2 Bb5 18. Nc3 Bxc6 19. Bc4 Be4 20. Raf1
Rc7 21. Nb5 Rd7 22. Nd6 Bg6 23. h4 Rxd6 24. h5 Bxh5 25. g4 Bg6 26. b4 Ne4 27.
Rf4 Nc3 28. R4f3 Rd1 29. Rxd1 Nxd1 30. Rf1 Nxe3 31. Re1 Nxc4 32. Rc1 Ne3 33.
Rc7 a5 34. bxa5 bxa5 35. Ra7 Nxg4 36. Rxa5 Rd8 37. Rb5 Be4 38. Rb1 Bxb1 39. a4
Be4 40. Kf1 Rd2 41. Ke1 Ra2 42. Kf1 Kf8 43. Ke1 Ke7 44. a5 Ke6 45. a6 Ke5 46.
a7 Kd4 47. a8=Q Bxa8 48. Kd1 Kc3 49. Ke1 Kd3 50. Kf1 Ke3 51. Kg1 Ra1# 0-1

[Event "16. Obert Int. Sant Martí 2014 Grupo B"]
[Site "Barcelona ESP"]
[Date "2014.07.16"]
[Round "4.76"]
[White "Ferrer Ache, Jesus"]
[Black "Pozanco Villalba, Victor"]
[Result "1/2-1/2"]
[WhiteElo "1728"]
[BlackElo "1700"]
[PlyCount "94"]
[EventDate "2014.07.13"]
[EventType "swiss"]
[EventRounds "9"]
[EventCountry "ESP"]
[Source "lmi"]
[SourceDate "2014.07.13"]

1. c4 e6 2. e4 c5 3. Nc3 g6 4. d3 Bg7 5. Nf3 a6 6. Bd2 Nc6 7. Rb1 Nd4 8. Be2
Nxe2 9. Qxe2 Ne7 10. O-O h6 11. h3 O-O 12. Bf4 d6 13. Nh2 Nc6 14. a3 Nd4 15.
Qd1 e5 16. Be3 f5 17. exf5 Nxf5 18. Qd2 Nxe3 19. fxe3 Be6 20. e4 Qg5 21. Qxg5
hxg5 22. Na4 b5 23. Nb6 Rad8 24. b3 Rb8 25. Nd5 Bxd5 26. cxd5 a5 27. Nf3 Bh6
28. g4 Rf4 29. Kg2 Rbf8 30. Nd2 Rc8 31. Rbc1 b4 32. a4 Ra8 33. Rxf4 gxf4 34.
Kf3 Ra7 35. h4 g5 36. h5 Bf8 37. Nc4 Ra6 38. Rh1 Bh6 39. Nd2 Kf7 40. Rf1 Ke7
41. Kg2 Kd7 42. Rf3 Ke7 43. Kf1 Kd7 44. Nc4 Ke7 45. Ke2 Kd7 46. Kd2 Ke7 47. Ke2
Kd7 1/2-1/2

[Event "16. Obert Int. Sant Martí 2014 Grupo B"]
[Site "Barcelona ESP"]
[Date "2014.07.16"]
[Round "4.77"]
[White "Jimenez Rimblas, Raul"]
[Black "Ramos Fernández, Pilar"]
[Result "1-0"]
[WhiteElo "1706"]
[BlackElo "1700"]
[PlyCount "65"]
[EventDate "2014.07.13"]
[EventType "swiss"]
[EventRounds "9"]
[EventCountry "ESP"]
[Source "lmi"]
[SourceDate "2014.07.13"]

1. e4 Nf6 2. Nc3 c6 3. d4 d5 4. exd5 cxd5 5. Nf3 Nc6 6. Bb5 Bd7 7. Bg5 Qc7 8.
Bxf6 exf6 9. Nxd5 Qd6 10. Nc3 Be7 11. O-O O-O 12. Re1 Rfe8 13. d5 Rac8 14. dxc6
bxc6 15. Qxd6 Bxd6 16. Rxe8+ Rxe8 17. Bc4 Rb8 18. b3 Bf5 19. Nd4 Bd7 20. g3 Bb4
21. Nce2 c5 22. Nf3 Re8 23. Rd1 Bg4 24. Kg2 Ba5 25. Nf4 g5 26. Nd5 Kg7 27. Bd3
h5 28. Rb1 Kh6 29. Nxf6 Bc7 30. Nxe8 Bd8 31. Nd6 f6 32. Nf7+ Kg7 33. Nxd8 1-0

[Event "16. Obert Int. Sant Martí 2014 Grupo B"]
[Site "Barcelona ESP"]
[Date "2014.07.16"]
[Round "4.78"]
[White "Marcelo, Diego Luis"]
[Black "Tordera Jumilla, Joaquim"]
[Result "1-0"]
[WhiteElo "1706"]
[BlackElo "1700"]
[PlyCount "47"]
[EventDate "2014.07.13"]
[EventType "swiss"]
[EventRounds "9"]
[EventCountry "ESP"]
[Source "lmi"]
[SourceDate "2014.07.13"]

1. e4 c5 2. d3 Nc6 3. Nc3 Nf6 4. Nf3 g6 5. Be3 d6 6. Be2 Bg7 7. O-O O-O 8. h3
a6 9. Qd2 Bxh3 10. gxh3 Qa5 11. a3 b5 12. b4 cxb4 13. axb4 Qxb4 14. Rfb1 Nxe4
15. dxe4 Bxc3 16. Qd1 Qxe4 17. Ra3 Bf6 18. Bd2 Ne5 19. Bh6 Rfc8 20. Rc1 Rc6 21.
Bxb5 Nxf3+ 22. Kf1 axb5 23. Rxa8+ Rc8 24. Rxc8# 1-0

[Event "16. Obert Int. Sant Martí 2014 Grupo B"]
[Site "Barcelona ESP"]
[Date "2014.07.17"]
[Round "5.1"]
[White "Hinarejos Montano, Andres"]
[Black "Marcelo, Diego Luis"]
[Result "1-0"]
[WhiteElo "1837"]
[BlackElo "1706"]
[PlyCount "117"]
[EventDate "2014.07.13"]
[EventType "swiss"]
[EventRounds "9"]
[EventCountry "ESP"]
[Source "lmi"]
[SourceDate "2014.07.13"]

1. f4 d5 2. Nf3 e6 3. e3 Nf6 4. Be2 Nc6 5. c3 Bd6 6. O-O O-O 7. d4 Be7 8. Bd2
h6 9. Be1 Bd7 10. h3 Be8 11. Nbd2 Qd7 12. Ne5 Qd8 13. Rc1 Bd6 14. Bh4 Be7 15.
b4 a5 16. b5 Ba3 17. Rb1 Na7 18. c4 c6 19. b6 Nc8 20. c5 Bd7 21. Qa4 Bb4 22.
Ndf3 Ne7 23. a3 Bc3 24. Bxf6 gxf6 25. Nxd7 Qxd7 26. Qc2 Bxd4 27. exd4 Nf5 28.
Qd3 Ng3 29. Rf2 Nxe2+ 30. Qxe2 Rfd8 31. Nh2 Kf8 32. Ng4 h5 33. Nxf6 Qe7 34. Qe5
Rac8 35. Nxh5 Ke8 36. Qh8+ Qf8 37. Qxf8+ Kxf8 38. Re1 Ra8 39. a4 f5 40. Rxe6
Kf7 41. Re5 Kg6 42. Ng3 Rh8 43. Rxf5 Rae8 44. Re5 Rxe5 45. fxe5 Rh4 46. Ne2 Rh7
47. Rf4 Rg7 48. Rg4+ Kf7 49. Rxg7+ Kxg7 50. g4 Kh6 51. h4 Kg6 52. Nf4+ Kh6 53.
Ne6 Kg6 54. Nd8 Kg7 55. Nxb7 Kf7 56. Nxa5 Ke7 57. b7 Kd7 58. b8=Q Ke6 59. Qe8#
1-0